THE EXTRAORDINARY LIFE OF GRETA THUNBERG / (Record no. 181681)
[ view plain ]
| 000 -LEADER | |
|---|---|
| fixed length control field | 02270nam a22003971i 4500 |
| 003 - CONTROL NUMBER IDENTIFIER | |
| control field | OSt |
| 005 - DATE AND TIME OF LATEST TRANSACTION | |
| control field | 20250312153237.0 |
| 008 - FIXED-LENGTH DATA ELEMENTS--GENERAL INFORMATION | |
| fixed length control field | 210131t20202020enka|||jr|||| 001 0 eng d |
| 020 ## - INTERNATIONAL STANDARD BOOK NUMBER | |
| International Standard Book Number | 9780241443897 |
| Terms of availability | RM 40.95 |
| Qualifying information | paperback |
| 040 ## - CATALOGING SOURCE | |
| Original cataloging agency | PPAK |
| Language of cataloging | eng |
| Transcribing agency | PPAK |
| Description conventions | rda |
| 082 04 - DEWEY DECIMAL CLASSIFICATION NUMBER | |
| Edition number | 23 |
| Classification number | 363.70092 |
| 090 ## - LOCALLY ASSIGNED LC-TYPE CALL NUMBER (OCLC); LOCAL CALL NUMBER (RLIN) | |
| Classification number (OCLC) (R) ; Classification number, CALL (RLIN) (NR) | 363.70092 |
| Feature heading | JIN |
| Feature heading | K |
| 100 1# - MAIN ENTRY--PERSONAL NAME | |
| Personal name | Jina, Devika, |
| Relator term | author. |
| 245 12 - TITLE STATEMENT | |
| Title | THE EXTRAORDINARY LIFE OF GRETA THUNBERG / |
| Statement of responsibility, etc. | Written by Devika Jina ; Illustrated by Petra Braun. |
| 246 30 - VARYING FORM OF TITLE | |
| Title proper/short title | Greta Thunberg |
| 264 #1 - PRODUCTION, PUBLICATION, DISTRIBUTION, MANUFACTURE, AND COPYRIGHT NOTICE | |
| Place of production, publication, distribution, manufacture | London : |
| Name of producer, publisher, distributor, manufacturer | Puffin, |
| Date of production, publication, distribution, manufacture, or copyright notice | 2020 |
| Date of production, publication, distribution, manufacture, or copyright notice | ©2020. |
| 300 ## - PHYSICAL DESCRIPTION | |
| Extent | 121 pages : |
| Other physical details | illustrations ; |
| Dimensions | 20 cm |
| 336 ## - CONTENT TYPE | |
| Content type term | text |
| Source | rdacontent |
| Content type term | still image |
| Source | rdacontent |
| 337 ## - MEDIA TYPE | |
| Media type term | unmediated |
| Source | rdamedia |
| 338 ## - CARRIER TYPE | |
| Carrier type term | volume |
| Source | rdacarrier |
| 500 ## - GENERAL NOTE | |
| General note | Includes an excerpt from 'The extraordinary life of <br/>Michelle Obama'. |
| 504 ## - BIBLIOGRAPHY, ETC. NOTE | |
| Bibliography, etc. note | Includes bibliographical references and index. |
| 520 ## - SUMMARY, ETC. | |
| Summary, etc. | Greta Thunberg is an activist best known for calling attention to the devastating effects of climate change on our planet. A bold voice even against people that want to silence her, Greta has become a source of inspiration for millions of people who want to work towards tackling the climate crisis. From taking part in school strikes and owning that her Asperger syndrome is her superpower, to crossing the Atlantic Ocean in a powerful stand against carbon emissions, this is the incredible story of a schoolgirl who is changing the world. Collect them all! Packed full of incredible stories, fantastic facts and dynamic illustrations, Extraordinary Lives shines a light on important modern and historical figures from all over the world. |
| 521 ## - TARGET AUDIENCE NOTE | |
| Target audience note | Pre-adolescent. |
| 600 10 - SUBJECT ADDED ENTRY--PERSONAL NAME | |
| Personal name | Thunberg, Greta,| |
| Dates associated with a name | 2003- |
| Form subdivision | Juvenile literature. |
| 650 #0 - SUBJECT ADDED ENTRY--TOPICAL TERM | |
| Topical term or geographic name entry element | Women environmentalists |
| Form subdivision | Biography |
| -- | Juvenile literature. |
| Geographic subdivision | Sweden |
| Topical term or geographic name entry element | Child environmentalists |
| Form subdivision | Biography |
| -- | Juvenile literature. |
| Geographic subdivision | Sweden |
| Topical term or geographic name entry element | Environmentalists |
| Form subdivision | Biography |
| -- | Juvenile literature. |
| Geographic subdivision | Sweden |
| Topical term or geographic name entry element | Environmental protection |
| Form subdivision | Juvenile literature. |
| General subdivision | Citizen participation |
| Topical term or geographic name entry element | Climatic changes |
| Form subdivision | Juvenile literature. |
| 655 #7 - INDEX TERM--GENRE/FORM | |
| Genre/form data or focus term | Biographies. |
| Source of term | lcgft |
| 700 1# - ADDED ENTRY--PERSONAL NAME | |
| Personal name | Braun, Petra, |
| Relator term | illustrator. |
| 942 ## - ADDED ENTRY ELEMENTS (KOHA) | |
| Source of classification or shelving scheme | Dewey Decimal Classification |
| Koha item type | Book |
| Withdrawn | Not for loan | Current library | Shelving location | Date acquired | Total Checkouts | Full call number | Barcode | Date last seen | Date last checked out | Koha item type |
|---|---|---|---|---|---|---|---|---|---|---|
| Perpustakaan Alor Setar | Pinjaman Kanak-kanak | 10/02/2021 | 1 | K 363.70092 JIN | A01674529 | 15/10/2022 | 25/09/2022 | Book | ||
| Perpustakaan Awam Sungai Petani | Pinjaman Kanak-kanak | 10/02/2021 | 3 | K 363.70092 JIN | A01674530 | 28/10/2024 | 16/10/2024 | Book | ||
| Perpustakaan Baling | Pinjaman Kanak-kanak | 10/02/2021 | 1 | K 363.70092 JIN | A01674532 | 14/05/2025 | 11/05/2025 | Book | ||
| Perpustakaan Bandar Baharu | Pinjaman Kanak-kanak | 10/02/2021 | K 363.70092 JIN | A01674533 | 10/02/2021 | Book | ||||
| Perpustakaan Jitra | Pinjaman Kanak-kanak | 10/07/2021 | 1 | K 363.70092 JIN | A01697158 | 04/06/2023 | 24/05/2023 | Book | ||
| Perpustakaan Kuala Nerang | Pinjaman Kanak-kanak | 10/07/2021 | K 363.70092 JIN | A01697161 | 10/07/2021 | Book | ||||
| Perpustakaan Kulim | Pinjaman Kanak-kanak | 10/02/2021 | 5 | K 363.70092 JIN | A01674531 | 26/01/2025 | 08/01/2025 | Book | ||
| Perpustakaan Merbok | Pinjaman Kanak-kanak | 10/07/2021 | K 363.70092 JIN | A01697159 | 10/07/2021 | Book | ||||
| Perpustakaan Yan | Pinjaman Kanak-kanak | 10/07/2021 | K 363.70092 JIN | A01697160 | 10/07/2021 | Book |